000 00584 a2200217 4500
003 43691
005 20251007220850.0
008 251007b |||||||| |||| 00| 0 eng d
022 _a1119997x
040 _cNile University of Nigeria, Abuja.
_erda
050 _aK 60 . A5
082 _aK 60 .A5
245 _aAL MASLAHA -JOURNAL OF LAW AND RELIGION
250 _aVol.8,2017/2018
260 _aLagos
_bPrinceton
_c2017/2018
264 _aLagos
_bPrinceton
_c2017/2018
300 _bxix, 236 pg., 30 cm.
336 _2rdacontent
338 _2rdacarrier
942 _2lcc
_cSERIAL
999 _c43672
_d43672